[Event "17. European Women's Championship 2016"]
[Site "Mamaia ROU"]
[Date "2016.06.07"]
[Round "11.35"]
[White "Pustovoitova, Daria"]
[Black "Rakhmangulova, Anastasiya"]
[Result "1/2-1/2"]
[WhiteElo "2304"]
[BlackElo "2245"]
[PlyCount "85"]
[EventDate "2016.05.27"]
[EventType "swiss"]
[EventRounds "11"]
[EventCountry "ROU"]
[Source "lmi"]
[SourceDate "2016.05.26"]

1. d4 d5 2. c4 Nc6 3. Nf3 e5 4. dxe5 d4 5. a3 Nge7 6. b4 Ng6 7. Bb2 a5 8. b5
Ncxe5 9. Nxe5 Nxe5 10. Bxd4 Nxc4 11. e3 Be6 12. Qc2 Nd6 13. Bd3 Qg5 14. f4 Qh5
15. Nc3 Be7 16. O-O Nf5 17. Bxf5 Bxf5 18. e4 Be6 19. f5 Bc4 20. Nd5 Bxd5 21.
exd5 Bd6 22. Rae1+ Kd7 23. Be5 Bxe5 24. Rxe5 Qh4 25. Qc5 Rae8 26. d6 cxd6 27.
Rd1 Qe1+ 28. Rexe1 Rxe1+ 29. Kf2 Rxd1 30. Qb6 Rc8 31. Qxb7+ Rc7 32. Qa6 Rc2+
33. Ke3 Rc3+ 34. Ke4 Rc4+ 35. Kf3 Rd3+ 36. Ke2 Rxa3 37. b6 Rb4 38. Qb7+ Ke8 39.
Qc8+ Ke7 40. Qc7+ Ke8 41. Qc6+ Ke7 42. Qc7+ Ke8 43. Qc6+ 1/2-1/2

[Event "17. European Women's Championship 2016"]
[Site "Mamaia ROU"]
[Date "2016.06.07"]
[Round "11.36"]
[White "Petrenko, Svetlana"]
[Black "Fataliyeva, Ulviyya"]
[Result "0-1"]
[WhiteElo "2182"]
[BlackElo "2301"]
[PlyCount "88"]
[EventDate "2016.05.27"]
[EventType "swiss"]
[EventRounds "11"]
[EventCountry "ROU"]
[Source "lmi"]
[SourceDate "2016.05.26"]

1. Nf3 e6 2. d4 Nf6 3. g3 d5 4. Bg2 c5 5. e3 Nc6 6. O-O Be7 7. b3 O-O 8. Bb2 b6
9. c4 Bb7 10. Ne5 Rc8 11. Nxc6 Bxc6 12. Nd2 cxd4 13. exd4 Qc7 14. a3 Qb7 15.
Qe2 Rfd8 16. f4 dxc4 17. Bxc6 Qxc6 18. bxc4 Ne8 19. f5 Bf6 20. fxe6 Qxe6 21.
Qd3 Qd7 22. Nb3 a5 23. a4 Rc7 24. Rf5 Qe6 25. c5 bxc5 26. Rxc5 Rxc5 27. Nxc5
Qb6 28. Qb5 Qa7 29. Re1 Nd6 30. Qc6 h5 31. Bc3 h4 32. g4 h3 33. Qf3 Rc8 34. Ba1
Qb6 35. Qxh3 Qb4 36. Rd1 Rxc5 37. dxc5 Qxc5+ 38. Kf1 Bxa1 39. Rxa1 Qc4+ 40. Ke1
Qe4+ 41. Kd2 Qd4+ 42. Qd3 Nc4+ 43. Ke2 Qb2+ 44. Kf1 Qxa1+ 0-1

[Event "17. European Women's Championship 2016"]
[Site "Mamaia ROU"]
[Date "2016.06.07"]
[Round "11.37"]
[White "Galojan, Lilit"]
[Black "Balaian, Alina"]
[Result "1/2-1/2"]
[WhiteElo "2296"]
[BlackElo "2230"]
[PlyCount "35"]
[EventDate "2016.05.27"]
[EventType "swiss"]
[EventRounds "11"]
[EventCountry "ROU"]
[Source "lmi"]
[SourceDate "2016.05.26"]

1. c4 Nf6 2. Nc3 g6 3. e4 d6 4. d4 Bg7 5. f3 O-O 6. Be3 c5 7. Nge2 Nc6 8. d5
Ne5 9. Ng3 e6 10. Be2 exd5 11. cxd5 a6 12. a4 Bd7 13. h3 b5 14. O-O Rb8 15.
axb5 axb5 16. f4 Nc4 17. Bxc4 bxc4 18. e5 1/2-1/2

[Event "17. European Women's Championship 2016"]
[Site "Mamaia ROU"]
[Date "2016.06.07"]
[Round "11.38"]
[White "Abdulla, Khayala"]
[Black "Buksa, Nataliya"]
[Result "1-0"]
[WhiteElo "2209"]
[BlackElo "2288"]
[PlyCount "113"]
[EventDate "2016.05.27"]
[EventType "swiss"]
[EventRounds "11"]
[EventCountry "ROU"]
[Source "lmi"]
[SourceDate "2016.05.26"]

1. e4 c5 2. Nf3 e6 3. d4 cxd4 4. Nxd4 Nc6 5. Nc3 a6 6. Nxc6 bxc6 7. Bd3 d5 8.
O-O Nf6 9. e5 Nd7 10. Re1 c5 11. b3 Bb7 12. Na4 Qc7 13. Qe2 Rd8 14. Bg5 Ra8 15.
c4 h6 16. Bf4 d4 17. Rad1 Be7 18. Bb1 a5 19. Qh5 Nf8 20. h4 g6 21. Qg4 h5 22.
Qg3 Nd7 23. Bg5 Bxg5 24. Qxg5 Qd8 25. Qf4 Rc8 26. Qg3 Qe7 27. Nb2 Bc6 28. Nd3
a4 29. Nf4 axb3 30. axb3 Rg8 31. b4 cxb4 32. Rxd4 Qc5 33. Rd6 Nxe5 34. Rxe6+
fxe6 35. Nxe6 Qd6 36. Rxe5 Qd1+ 37. Kh2 Qg4 38. Ng5+ Kf8 39. Nh7+ Kf7 40. Ng5+
Kf8 41. Rf5+ gxf5 42. Qd6+ Ke8 43. Qe5+ Kd8 44. Nf7+ Kd7 45. Bxf5+ Qxf5 46.
Qxf5+ Ke7 47. Ng5 Rgf8 48. Qe6+ Kd8 49. Qd6+ Ke8 50. Qxb4 Rf6 51. Qc3 Rf8 52.
Qe5+ Kd7 53. c5 Ba8 54. Qe6+ Kd8 55. Nf7+ Kc7 56. Qd6+ Kb7 57. Qb6# 1-0

[Event "17. European Women's Championship 2016"]
[Site "Mamaia ROU"]
[Date "2016.06.07"]
[Round "11.39"]
[White "Hapala, Elisabeth"]
[Black "Tsatsalashvili, Keti"]
[Result "1/2-1/2"]
[WhiteElo "2227"]
[BlackElo "2278"]
[PlyCount "158"]
[EventDate "2016.05.27"]
[EventType "swiss"]
[EventRounds "11"]
[EventCountry "ROU"]
[Source "lmi"]
[SourceDate "2016.05.26"]

1. e4 c5 2. Nf3 d6 3. d4 cxd4 4. Nxd4 Nf6 5. Nc3 Nc6 6. Bg5 e6 7. Qd2 a6 8.
O-O-O Bd7 9. f3 b5 10. Nxc6 Bxc6 11. Ne2 Be7 12. Nd4 Bd7 13. Be3 e5 14. Ne2 b4
15. g4 Qa5 16. Kb1 Be6 17. Nc1 O-O 18. g5 Nh5 19. Qf2 Rfc8 20. h4 Rc6 21. Bh3
Rac8 22. Rd2 Bxh3 23. Rxh3 Qc7 24. Nd3 a5 25. f4 exf4 26. Nxf4 Nxf4 27. Bxf4 a4
28. h5 Qd7 29. Rhd3 Qe6 30. Qf3 Ra6 31. Rd4 Rb6 32. Qd3 Rc3 33. Qe2 Rc8 34. Qd3
Rc3 35. Qe2 Rc8 36. Qd3 Bf8 37. Bxd6 Rc3 38. Qe2 Bxd6 39. Rxd6 Rxd6 40. bxc3
bxc3 41. Qb5 Kf8 42. Qb8+ Ke7 43. Qc7+ Qd7 44. Qxd7+ Rxd7 45. Rd3 a3 46. Kc1
Rc7 47. Kd1 Rc4 48. Re3 Ke6 49. Ke2 Ke5 50. Kf3 h6 51. gxh6 gxh6 52. Rd3 Rxe4
53. Rxc3 Ra4 54. Rc7 f6 55. Ke3 Kf5 56. c4 Rb4 57. Ra7 Rxc4 58. Rxa3 Kg5 59.
Ra5+ f5 60. Kf3 Rc3+ 61. Kf2 Kg4 62. Ra8 Kxh5 63. a4 Kg4 64. a5 Ra3 65. a6 Ra2+
66. Kg1 Kg3 67. Rg8+ Kf3 68. Rg6 h5 69. Rh6 Kg4 70. Rg6+ Kf4 71. Kh1 h4 72. Kg1
Kf3 73. Rh6 Kg4 74. Rg6+ Kh5 75. Rb6 Kg5 76. Kf1 h3 77. Kg1 f4 78. Rb8 Rxa6 79.
Kh2 Kg4 1/2-1/2

[Event "17. European Women's Championship 2016"]
[Site "Mamaia ROU"]
[Date "2016.06.07"]
[Round "11.40"]
[White "Utiatskaja, Irina"]
[Black "Doluhanova, Evgeniya"]
[Result "1/2-1/2"]
[WhiteElo "2181"]
[BlackElo "2262"]
[PlyCount "95"]
[EventDate "2016.05.27"]
[EventType "swiss"]
[EventRounds "11"]
[EventCountry "ROU"]
[Source "lmi"]
[SourceDate "2016.05.26"]

1. d4 d5 2. c4 e6 3. Nf3 Nf6 4. g3 Bb4+ 5. Bd2 Bd6 6. Bg2 c6 7. O-O O-O 8. Qc2
Nbd7 9. Bg5 h6 10. Bxf6 Nxf6 11. Nbd2 b6 12. e4 dxe4 13. Nxe4 Nxe4 14. Qxe4 Ba6
15. Ne5 Qc7 16. Rfe1 c5 17. dxc5 Bxc5 18. a3 Rad8 19. b4 Bd4 20. Rac1 Bb2 21.
Rc2 Bxe5 22. Qxe5 Qxe5 23. Rxe5 Rd1+ 24. Bf1 Rfd8 25. f4 Ra1 26. Kf2 Rxa3 27.
Bg2 Rb3 28. b5 Bc8 29. Bc6 a6 30. Ra2 axb5 31. cxb5 Kf8 32. Re3 Rxe3 33. Kxe3
Bd7 34. Ra6 Bxc6 35. bxc6 b5 36. Rb6 Ke7 37. Rxb5 Kd6 38. Rb7 Rf8 39. Ke4 Kxc6
40. Ra7 Kd6 41. f5 h5 42. h4 Rc8 43. Rxf7 Rc4+ 44. Kf3 Rc3+ 45. Kg2 Rc2+ 46.
Kf3 Rc3+ 47. Kg2 Rc2+ 48. Kf3 1/2-1/2

[Event "17. European Women's Championship 2016"]
[Site "Mamaia ROU"]
[Date "2016.06.07"]
[Round "11.41"]
[White "Zherebtsova, Alexandra"]
[Black "Movileanu, Daniela"]
[Result "1/2-1/2"]
[WhiteElo "2200"]
[BlackElo "2247"]
[PlyCount "56"]
[EventDate "2016.05.27"]
[EventType "swiss"]
[EventRounds "11"]
[EventCountry "ROU"]
[Source "lmi"]
[SourceDate "2016.05.26"]

1. d4 Nf6 2. Nf3 g6 3. Bf4 Bg7 4. e3 d6 5. Be2 O-O 6. O-O b6 7. h3 Bb7 8. c4
Nbd7 9. Nc3 Ne4 10. Nxe4 Bxe4 11. Bh2 c5 12. Nd2 Bb7 13. Bf3 Qc8 14. Bxb7 Qxb7
15. Nf3 b5 16. cxb5 Qxb5 17. Rb1 a5 18. dxc5 Nxc5 19. Nd4 Qd7 20. Qe2 Rfb8 21.
b3 e5 22. Nf3 Rb4 23. Rfd1 Qc6 24. Qc2 Rab8 25. Ne1 R4b6 26. Rbc1 Qb7 27. Nd3
Na6 28. Rd2 Bf8 1/2-1/2

[Event "17. European Women's Championship 2016"]
[Site "Mamaia ROU"]
[Date "2016.06.07"]
[Round "11.42"]
[White "Rudolf, Anna"]
[Black "Rogozenco, Teodora"]
[Result "0-1"]
[WhiteElo "2301"]
[BlackElo "2104"]
[PlyCount "90"]
[EventDate "2016.05.27"]
[EventType "swiss"]
[EventRounds "11"]
[EventCountry "ROU"]
[Source "lmi"]
[SourceDate "2016.05.26"]

1. b3 d5 2. Bb2 c5 3. e3 Nc6 4. Nf3 f6 5. d4 cxd4 6. exd4 Bg4 7. Be2 e6 8. O-O
Bd6 9. Nh4 h5 10. f4 Qc7 11. Bxg4 hxg4 12. Qxg4 f5 13. Qg6+ Kf8 14. Qg3 Nge7
15. c4 g5 16. Qxg5 Kf7 17. c5 Rag8 18. cxd6 Qxd6 19. Nf3 Rxg5 20. Nxg5+ Kg6 21.
Nd2 Ng8 22. Rae1 Nd8 23. Rf3 Nf6 24. Rg3 Ng4 25. Rf1 Rh5 26. Bc1 Kg7 27. Ndf3
Kf8 28. Ne5 Nxh2 29. Rd1 Ng4 30. Rc3 Nxe5 31. dxe5 Qd7 32. Ba3+ Kg8 33. Rg3 Kh8
34. Rdd3 Qe8 35. Rh3 Kg8 36. Rxh5 Qxh5 37. Be7 Qe8 38. Bf6 Nf7 39. Rh3 Qc6 40.
Rg3 Nxg5 41. fxg5 Qc1+ 42. Kh2 Qf4 43. Kh3 d4 44. Rf3 Qxf3+ 45. gxf3 d3 0-1

[Event "17. European Women's Championship 2016"]
[Site "Mamaia ROU"]
[Date "2016.06.07"]
[Round "11.43"]
[White "Nikoladze, Sopio"]
[Black "Raeva, Elitsa"]
[Result "0-1"]
[WhiteElo "2155"]
[BlackElo "2254"]
[PlyCount "86"]
[EventDate "2016.05.27"]
[EventType "swiss"]
[EventRounds "11"]
[EventCountry "ROU"]
[Source "lmi"]
[SourceDate "2016.05.26"]

1. d4 Nf6 2. Nf3 b5 3. e3 a6 4. c4 b4 5. Bd3 Bb7 6. Nbd2 e6 7. O-O c5 8. a3 Nc6
9. Nb3 d6 10. Qc2 a5 11. a4 Be7 12. Rd1 Qc7 13. e4 e5 14. d5 Nd4 15. Nbxd4 exd4
16. Re1 Nd7 17. Bf4 f6 18. e5 dxe5 19. Bxh7 O-O-O 20. Bg3 Kb8 21. Bf5 Nf8 22.
Nh4 Bd6 23. Qe4 g5 24. Nf3 Nd7 25. Nd2 Nb6 26. b3 Rh6 27. Qg4 Rdh8 28. Ne4 Nc8
29. Ra2 Ne7 30. Be6 Ka7 31. Rae2 Rf8 32. Qf3 Ng6 33. Qg4 Ne7 34. Nxd6 Qxd6 35.
Rxe5 fxe5 36. Bxe5 Qd8 37. Bg7 Rg6 38. Bxf8 Qxf8 39. d6 Nc6 40. d7 Rg7 41. Qh5
Qf6 42. Qh8 d3 43. Bg4 Re7 0-1

[Event "17. European Women's Championship 2016"]
[Site "Mamaia ROU"]
[Date "2016.06.07"]
[Round "11.44"]
[White "Narva, Mai"]
[Black "Mikadze, Miranda"]
[Result "1/2-1/2"]
[WhiteElo "2121"]
[BlackElo "2233"]
[PlyCount "60"]
[EventDate "2016.05.27"]
[EventType "swiss"]
[EventRounds "11"]
[EventCountry "ROU"]
[Source "lmi"]
[SourceDate "2016.05.26"]

1. e4 e6 2. d4 d5 3. Nd2 dxe4 4. Nxe4 Nd7 5. Nf3 Ngf6 6. Bd3 Nxe4 7. Bxe4 Nf6
8. Bd3 c5 9. Be3 Qc7 10. O-O Be7 11. Bb5+ Bd7 12. Bxd7+ Nxd7 13. d5 exd5 14.
Qxd5 O-O 15. Rad1 Rad8 16. Qf5 Nf6 17. Bf4 Qb6 18. Be5 Rxd1 19. Rxd1 Rd8 20.
Re1 h6 21. Qh3 Qc6 22. Nh4 Bf8 23. Nf5 Re8 24. f4 Nd7 25. Nxh6+ gxh6 26. Qg4+
Kh7 27. Qf5+ Kg8 28. Qg4+ Kh7 29. Qf5+ Kg8 30. Qg4+ Kh7 1/2-1/2

[Event "17. European Women's Championship 2016"]
[Site "Mamaia ROU"]
[Date "2016.06.07"]
[Round "11.45"]
[White "Cosman, Andreea-Marioara"]
[Black "Stetsko, Lanita"]
[Result "1/2-1/2"]
[WhiteElo "2101"]
[BlackElo "2220"]
[PlyCount "84"]
[EventDate "2016.05.27"]
[EventType "swiss"]
[EventRounds "11"]
[EventCountry "ROU"]
[Source "lmi"]
[SourceDate "2016.05.26"]

1. d4 Nf6 2. c4 e6 3. Nf3 d5 4. Nc3 Bb4 5. Qa4+ Nc6 6. a3 Bxc3+ 7. bxc3 Ne4 8.
Qc2 b6 9. cxd5 exd5 10. e3 O-O 11. Bd3 Re8 12. O-O Bb7 13. Nd2 Nf6 14. a4 Na5
15. Ba3 Ne4 16. Rae1 Qd7 17. Nxe4 dxe4 18. Bb5 Bc6 19. c4 Bxb5 20. axb5 a6 21.
bxa6 Rxa6 22. Bb2 b5 23. cxb5 Qxb5 24. Qe2 Nc4 25. Rc1 Ra4 26. Bc3 Rea8 27. Rb1
Qd5 28. Rfc1 h6 29. Bb4 Nd6 30. Bxd6 cxd6 31. Qb5 Qe6 32. h3 Ra2 33. Rb2 Rxb2
34. Qxb2 Ra2 35. Qb4 Qf5 36. Qe1 Qb5 37. Rb1 Qd3 38. Qb4 Qc2 39. Rf1 Qc6 40.
Qb8+ Kh7 41. Qb3 Ra7 42. Rb1 Rc7 1/2-1/2

[Event "17. European Women's Championship 2016"]
[Site "Mamaia ROU"]
[Date "2016.06.07"]
[Round "11.46"]
[White "Gvetadze, Sofio"]
[Black "Makropoulou, Marina"]
[Result "1/2-1/2"]
[WhiteElo "2311"]
[BlackElo "2143"]
[PlyCount "101"]
[EventDate "2016.05.27"]
[EventType "swiss"]
[EventRounds "11"]
[EventCountry "ROU"]
[Source "lmi"]
[SourceDate "2016.05.26"]

1. Nf3 c5 2. g3 Nc6 3. Bg2 g6 4. O-O Bg7 5. d3 e5 6. e4 Nge7 7. Be3 b6 8. Qd2
O-O 9. Bh6 d6 10. Bxg7 Kxg7 11. Nh4 Bd7 12. f4 f6 13. Na3 Qb8 14. Nc4 b5 15.
Ne3 Qb6 16. Kh1 Rad8 17. Rf2 Bc8 18. Raf1 Qa5 19. c3 Qxa2 20. Nd5 Nxd5 21. exd5
Ne7 22. fxe5 dxe5 23. Qe3 Nxd5 24. Qxc5 Qa6 25. Bxd5 Rxd5 26. Qxf8+ Kxf8 27.
Rxf6+ Qxf6 28. Rxf6+ Ke7 29. Rf3 b4 30. cxb4 Ba6 31. Re3 Bxd3 32. Ng2 Kd6 33.
Kg1 Bb5 34. Ne1 Rd1 35. g4 Kd5 36. Kf2 Rd2+ 37. Kg3 Rxb2 38. Nf3 e4 39. Ng5
Rxb4 40. Nxh7 a5 41. Kf4 a4 42. Nf6+ Ke6 43. Rxe4+ Rxe4+ 44. Nxe4 a3 45. Nc3
Be8 46. Kg5 Ke5 47. h4 Kd4 48. h5 gxh5 49. gxh5 Bxh5 50. Nb5+ Kc5 51. Nxa3
1/2-1/2

[Event "17. European Women's Championship 2016"]
[Site "Mamaia ROU"]
[Date "2016.06.07"]
[Round "11.47"]
[White "Rodshtein, Tereza"]
[Black "Gitu, Paula-Alexandra"]
[Result "1-0"]
[WhiteElo "2263"]
[BlackElo "1949"]
[PlyCount "87"]
[EventDate "2016.05.27"]
[EventType "swiss"]
[EventRounds "11"]
[EventCountry "ROU"]
[Source "lmi"]
[SourceDate "2016.05.26"]

1. e4 d6 2. d4 Nf6 3. Nc3 e5 4. dxe5 dxe5 5. Qxd8+ Kxd8 6. Bg5 Be6 7. O-O-O+
Nbd7 8. f4 h6 9. Bxf6+ gxf6 10. f5 Bc5 11. fxe6 fxe6 12. Bc4 Ke7 13. Nf3 Rhg8
14. g3 a6 15. a3 Bd6 16. Rhf1 Rg4 17. Be2 Rgg8 18. Nh4 Rg5 19. g4 Rf8 20. Rd3
Rfg8 21. Rh3 Nf8 22. Nd1 Nd7 23. Ne3 Bc5 24. Nhg2 R5g6 25. Bc4 Rd8 26. Rhf3 Rg5
27. Kb1 Rg7 28. h3 Rf7 29. Nh4 Rg7 30. Nhf5+ exf5 31. Nxf5+ Kf8 32. Nxg7 Kxg7
33. h4 Nb6 34. Be6 Rf8 35. g5 Be7 36. Rf5 Na4 37. gxf6+ Rxf6 38. Rg1+ Kh8 39.
Rg8+ Kh7 40. Re8 Rxe6 41. Rf7+ Kg6 42. Rfxe7 Rxe7 43. Rxe7 Nc5 44. Rxe5 1-0

[Event "17. European Women's Championship 2016"]
[Site "Mamaia ROU"]
[Date "2016.06.07"]
[Round "11.48"]
[White "Grigoryan, Meri"]
[Black "Gevorgyan, Maria"]
[Result "0-1"]
[WhiteElo "2016"]
[BlackElo "2257"]
[PlyCount "64"]
[EventDate "2016.05.27"]
[EventType "swiss"]
[EventRounds "11"]
[EventCountry "ROU"]
[Source "lmi"]
[SourceDate "2016.05.26"]

1. d4 d5 2. Bf4 Nf6 3. e3 c5 4. c3 Nc6 5. Nd2 Qb6 6. Qb3 c4 7. Qxb6 axb6 8. e4
b5 9. e5 Nd7 10. b4 f6 11. exf6 exf6 12. Ngf3 Nb6 13. Be2 Na4 14. Nb1 Bf5 15.
Bd2 g5 16. O-O Kd7 17. Rc1 Bd6 18. Bd1 Nb2 19. Bc2 Bg6 20. a3 Rhe8 21. Bxg6
hxg6 22. Re1 Rh8 23. g3 Rh7 24. Kg2 g4 25. Nh4 Ne7 26. f4 Nd3 27. Rf1 Rah8 28.
Ra2 Nf5 29. Kg1 Nxh4 30. gxh4 Rxh4 31. Be1 Nxe1 32. Rxe1 Bxf4 0-1

[Event "17. European Women's Championship 2016"]
[Site "Mamaia ROU"]
[Date "2016.06.07"]
[Round "11.49"]
[White "Sazonova, Anastasia"]
[Black "Salimova, Nurgyul"]
[Result "0-1"]
[WhiteElo "2085"]
[BlackElo "2160"]
[PlyCount "54"]
[EventDate "2016.05.27"]
[EventType "swiss"]
[EventRounds "11"]
[EventCountry "ROU"]
[Source "lmi"]
[SourceDate "2016.05.26"]

1. d4 Nf6 2. c4 e6 3. Nf3 Bb4+ 4. Nbd2 b6 5. a3 Bxd2+ 6. Qxd2 Bb7 7. e3 a5 8.
b3 O-O 9. Be2 d6 10. O-O Nbd7 11. Bb2 Ne4 12. Qc2 f5 13. Rad1 Qe7 14. Kh1 Ndf6
15. Nd2 Nxd2 16. Qxd2 Ne4 17. Qc2 Qh4 18. Kg1 Rf6 19. Bf3 Rh6 20. h3 Rg6 21.
Kh2 Rf8 22. Qe2 Rh6 23. Bxe4 fxe4 24. c5 Rf3 25. Kg1 Rxh3 26. gxh3 Qxh3 27. f4
Rg6+ 0-1

[Event "17. European Women's Championship 2016"]
[Site "Mamaia ROU"]
[Date "2016.06.07"]
[Round "11.50"]
[White "Galunova, Tsveta"]
[Black "Sviridova, Vlada"]
[Result "0-1"]
[WhiteElo "2149"]
[BlackElo "2137"]
[PlyCount "144"]
[EventDate "2016.05.27"]
[EventType "swiss"]
[EventRounds "11"]
[EventCountry "ROU"]
[Source "lmi"]
[SourceDate "2016.05.26"]

1. d4 d5 2. Nf3 Nf6 3. e3 e6 4. Bd3 c5 5. b3 cxd4 6. exd4 Nc6 7. O-O Be7 8. Bb2
O-O 9. Nbd2 b6 10. a3 Bb7 11. c4 dxc4 12. bxc4 Rc8 13. Rc1 Re8 14. Qe2 Bf8 15.
Rfd1 Rc7 16. Ne4 Nxe4 17. Bxe4 Rd7 18. h3 g6 19. Bxc6 Bxc6 20. Ne5 Ba4 21. Rd3
Rc7 22. Qe4 Bg7 23. h4 f6 24. Nf3 Qe7 25. Qe2 Qf7 26. Nd2 Bc6 27. Ne4 Bxe4 28.
Qxe4 f5 29. Qe2 Rd7 30. Re1 Ree7 31. g3 Bf6 32. a4 h6 33. Qd2 Kh7 34. a5 bxa5
35. Qxa5 Rb7 36. Ba3 Red7 37. Bc5 e5 38. d5 e4 39. Rdd1 Qg7 40. Qa6 g5 41. Qe6
Rbc7 42. Ba3 gxh4 43. Qxf5+ Qg6 44. Qxg6+ Kxg6 45. Rxe4 hxg3 46. fxg3 Rb7 47.
Re6 Rb3 48. Bd6 Kg5 49. Bf4+ Kf5 50. Rf1 Bd8 51. Be5+ Kg5 52. Bf4+ Kf5 53. Rxh6
Bb6+ 54. Be3+ Kg4 55. Rg6+ Kh3 56. Rh6+ Kg4 57. Rg6+ Kh3 58. Bxb6 axb6 59. Rff6
Ra7 60. Rxb6 Ra1+ 61. Kf2 Ra2+ 62. Ke1 Ra1+ 63. Kd2 Ra2+ 64. Kc1 Rc3+ 65. Kb1
Rac2 66. d6 Rc1+ 67. Ka2 Rd1 68. Rc6 Rd2+ 69. Kb1 Rf3 70. Kc1 Ra2 71. Kb1 Re2
72. Rh6+ Kg2 0-1

[Event "17. European Women's Championship 2016"]
[Site "Mamaia ROU"]
[Date "2016.06.07"]
[Round "11.51"]
[White "Narva, Regina"]
[Black "Pancu, Aureliana-Eugenia"]
[Result "0-1"]
[WhiteElo "2019"]
[BlackElo "1841"]
[PlyCount "64"]
[EventDate "2016.05.27"]
[EventType "swiss"]
[EventRounds "11"]
[EventCountry "ROU"]
[Source "lmi"]
[SourceDate "2016.05.26"]

1. e4 e6 2. d4 d5 3. Nc3 Bb4 4. exd5 exd5 5. Bd3 Nf6 6. Bg5 O-O 7. Nge2 Re8 8.
O-O c6 9. Ng3 h6 10. Bd2 Bd6 11. Nf5 Bxf5 12. Bxf5 Nbd7 13. Qf3 Qc7 14. Qh3 Nf8
15. Rae1 Bf4 16. Be3 Bxe3 17. fxe3 Ne6 18. Bd3 Ng5 19. Qh4 Re6 20. Rf4 Rae8 21.
Qf2 Qe7 22. h4 Nge4 23. Nxe4 Nxe4 24. Bxe4 Rxe4 25. Rxe4 Qxe4 26. c3 Re6 27.
Re2 Rf6 28. Qg3 Qb1+ 29. Kh2 Rf1 30. Qb8+ Kh7 31. Kg3 Qg6+ 32. Kh2 Qg4 0-1

[Event "17. European Women's Championship 2016"]
[Site "Mamaia ROU"]
[Date "2016.06.07"]
[Round "11.52"]
[White "Anghel, Maria"]
[Black "Sucikova, Svetlana"]
[Result "0-1"]
[WhiteElo "1703"]
[BlackElo "2072"]
[PlyCount "157"]
[EventDate "2016.05.27"]
[EventType "swiss"]
[EventRounds "11"]
[EventCountry "ROU"]
[Source "lmi"]
[SourceDate "2016.05.26"]

1. e4 c6 2. Nf3 d5 3. Nc3 dxe4 4. Nxe4 Bg4 5. Ng3 Nf6 6. h3 Bc8 7. d4 e6 8. Bf4
Nbd7 9. c3 Be7 10. Bd3 O-O 11. O-O b6 12. Re1 Bb7 13. Ne5 Re8 14. Bc2 Nf8 15.
Ne4 Nxe4 16. Bxe4 Qc7 17. Nd3 Bd6 18. Bxd6 Qxd6 19. Ne5 Rac8 20. Qe2 Red8 21.
Red1 Qc7 22. a4 a5 23. Rac1 Kh8 24. h4 f6 25. Nf3 Qf4 26. Qe3 Qb8 27. Nd2 Ba6
28. Nf3 Qd6 29. Qd2 Bc4 30. Bc2 Bd5 31. Qe3 b5 32. b3 bxa4 33. bxa4 Rb8 34. Rb1
Qa3 35. Qd3 Ba2 36. Rxb8 Rxb8 37. Ra1 Qb2 38. Re1 Rd8 39. Qe4 Qxc3 40. Qd3 Qxd3
41. Bxd3 Bb3 42. Ra1 Rb8 43. Nd2 Bd5 44. Ne4 Ng6 45. g3 Ne7 46. Nc5 Nc8 47. Kf1
Nd6 48. Re1 Kg8 49. Nxe6 Re8 50. Nf4 Rxe1+ 51. Kxe1 Bb3 52. Kd2 Bxa4 53. Kc3 g5
54. hxg5 fxg5 55. Nh5 h6 56. g4 Bd1 57. Kd2 Bb3 58. Nf6+ Kg7 59. Nd7 Bd5 60.
Ne5 Kf6 61. Nd7+ Ke7 62. Nc5 Bf3 63. Be2 Ne4+ 64. Nxe4 Bxe4 65. Bd1 Kd6 66. Ke3
Bg2 67. f3 Bf1 68. f4 gxf4+ 69. Kxf4 Bd3 70. Bb3 Bh7 71. g5 hxg5+ 72. Kxg5 c5
73. dxc5+ Kxc5 74. Ba4 Kb4 75. Be8 Bc2 76. Kf4 Ba4 77. Bf7 Bb5 78. Ke3 Kc3 79.
Ba2 0-1

[Event "17. European Women's Championship 2016"]
[Site "Mamaia ROU"]
[Date "2016.06.07"]
[Round "11.53"]
[White "Coman, Emilia-Florentina"]
[Black "Cimpean, Andra"]
[Result "1-0"]
[WhiteElo "1891"]
[BlackElo "1794"]
[PlyCount "139"]
[EventDate "2016.05.27"]
[EventType "swiss"]
[EventRounds "11"]
[EventCountry "ROU"]
[Source "lmi"]
[SourceDate "2016.05.26"]

1. d4 d5 2. Nf3 c6 3. c4 Nf6 4. Qc2 dxc4 5. Qxc4 Bf5 6. Nc3 e6 7. g3 Nbd7 8.
Bg2 Be7 9. O-O O-O 10. Re1 Ne4 11. Qb3 Qb6 12. Nh4 Bxh4 13. gxh4 Ndf6 14. f3
Nxc3 15. bxc3 e5 16. Ba3 Rfe8 17. Bc5 Qc7 18. e4 Be6 19. Qa3 exd4 20. Bd6 Qd7
21. cxd4 Red8 22. Be5 Nh5 23. Red1 f6 24. Bg3 Qf7 25. f4 Bg4 26. Rd2 Qc4 27.
Rc1 Qf7 28. d5 cxd5 29. exd5 Nxg3 30. hxg3 a6 31. d6 Rd7 32. Rc7 Rxc7 33. Bd5
Be6 34. dxc7 Bxd5 35. Qd6 Be6 36. Qd8+ Rxd8 37. cxd8=Q+ Qf8 38. Qb6 Kf7 39.
Qxb7+ Qe7 40. Qb6 Bc4 41. Qd4 Qe6 42. f5 Qe1+ 43. Kh2 Bb5 44. Qd5+ Kf8 45. Rc2
Qe8 46. Qd6+ Kg8 47. Qd5+ Kf8 48. Kg2 h6 49. Kf2 Qd7 50. Qc5+ Kg8 51. Qc8+ Kh7
52. Qxd7 Bxd7 53. Rc5 h5 54. Ra5 Bc8 55. Rc5 Bd7 56. Ke3 Kg8 57. Kd4 Kf8 58.
Ra5 Bc8 59. a4 Ke7 60. Kc5 Bxf5 61. Kb6 Bd3 62. Rxa6 Bxa6 63. Kxa6 g5 64. Kb6
gxh4 65. gxh4 f5 66. Kc5 Ke6 67. Kd4 Kd6 68. a5 f4 69. Ke4 f3 70. Kxf3 1-0

[Event "17. European Women's Championship 2016"]
[Site "Mamaia ROU"]
[Date "2016.06.07"]
[Round "11.54"]
[White "Motycakova, Monika"]
[Black "Surovtseva, Alisa"]
[Result "1-0"]
[WhiteElo "2170"]
[BlackElo "1574"]
[PlyCount "83"]
[EventDate "2016.05.27"]
[EventType "swiss"]
[EventRounds "11"]
[EventCountry "ROU"]
[Source "lmi"]
[SourceDate "2016.05.26"]

1. e4 e5 2. Nf3 Nc6 3. Bc4 Nf6 4. O-O Bc5 5. d4 Bxd4 6. Nxd4 Nxd4 7. f4 d6 8.
fxe5 dxe5 9. Bg5 Be6 10. Na3 Qe7 11. Bxf6 gxf6 12. c3 Bxc4 13. Nxc4 Ne6 14. b4
Rg8 15. Kh1 Nf4 16. Ne3 Qe6 17. Qa4+ c6 18. Rad1 a6 19. Qa5 Rg5 20. Nf5 Rxf5
21. exf5 Qxf5 22. Qc5 Qe4 23. Rd2 Nd5 24. c4 Nf4 25. Rfd1 Ne6 26. Qb6 c5 27.
bxc5 Nd4 28. Qxf6 Rc8 29. Qh8+ Kd7 30. Rxd4+ exd4 31. Rxd4+ Qxd4 32. Qxd4+ Ke7
33. Qe5+ Kd7 34. Qf5+ Kc7 35. Qxf7+ Kb8 36. Qe7 h5 37. h4 Rc7 38. Qe5 a5 39. a4
Ka8 40. Qxc7 Ka7 41. c6 Ka8 42. Qxb7# 1-0

[Event "17. European Women's Championship 2016"]
[Site "Mamaia ROU"]
[Date "2016.06.07"]
[Round "11.55"]
[White "Milak, Adela"]
[Black "Jap Tjoen San, Linda"]
[Result "0-1"]
[WhiteElo "1677"]
[BlackElo "2116"]
[PlyCount "66"]
[EventDate "2016.05.27"]
[EventType "swiss"]
[EventRounds "11"]
[EventCountry "ROU"]
[Source "lmi"]
[SourceDate "2016.05.26"]

1. e4 c5 2. Nf3 e6 3. d4 cxd4 4. Nxd4 a6 5. b3 Nf6 6. Bd3 Bb4+ 7. c3 Bc5 8. O-O
d6 9. b4 Bxd4 10. cxd4 Nc6 11. b5 Nxd4 12. bxa6 O-O 13. Be3 e5 14. axb7 Bxb7
15. Nc3 Ne6 16. Rb1 Bc6 17. Rb6 Qd7 18. Bc4 Ra5 19. Qc2 Nf4 20. Rd1 h5 21. Bxf4
exf4 22. Bd5 f3 23. Rd3 Bxd5 24. exd5 Qf5 25. Qd1 fxg2 26. Rxd6 Ng4 27. Qf3 Qe5
28. Qg3 h4 29. Qxe5 Nxe5 30. Rb6 Nxd3 31. Kxg2 Nf4+ 32. Kf3 Nxd5 33. Nxd5 Rxd5
0-1